Statistiques concernant Les footballeurs de Ligue 1 méconnus (2021-2022)

Cliquez ici pour prendre le quiz!

Statistiques générales

  • Ce quiz a été pris 37 fois
  • Le résultat moyen est 6 sur 16

Statistiques - réponses

Réponse% Correct
Alfred Gomis
82%
Rémi Oudin
74%
Arnaud Souquet
59%
Jean Lucas
59%
Wuilker Farinez
50%
Bradaric
44%
Casimir Ninga
38%
Anthony Caci
26%
Arber Zeneli
26%
Miguel Trauco
26%
Renaud Edmond
24%
Amine Bassi
21%
Yoann Touzghar
21%
Danilo Barbosa
18%
Jere Uronen
15%
Houboulang Mendes
6%

Distribution des résultats

Percentile par nombre de réponses

% des personnes avec chaque résultat

Votre développement - résultats

Vous n’avez pas pris ce quiz